| 000 | 01590nam0a2200409 4500 | ||
|---|---|---|---|
| 001 | RU\NLR\bibl\1850513 | ||
| 005 | 20260406165851.0 | ||
| 010 |
_a978-5-501-00091-9 _94000 |
||
| 021 |
_aRU _b2011-96702 _96929 |
||
| 035 | _a(NLR Aleph) 001840461 | ||
| 090 |
_a2265046 _c2265046 |
||
| 100 | _a20111220d2011 u y0rusy50 ca | ||
| 101 | 1 |
_arus _ceng |
|
| 102 | _aRU | ||
| 105 | _ay ||||||||| | ||
| 135 | _acrmn mmmancda | ||
| 200 | 1 |
_aТалисман мумии _e[роман _eперевод с английского] _fБрэм Стокер |
|
| 210 |
_aМосква _cМир книги _cЛитература _d2011 |
||
| 215 |
_a222, [1] с. _d21 |
||
| 225 | 1 | _aКлассика приключенческого романа | |
| 320 | _aДр. произведения авт. на обороте тит. л. | ||
| 325 | _aКопия доступна в Электрон. б-ке РНБ | ||
| 686 | _aШ6(4Вл)57-446{Лх1297-60} | ||
| 700 | 1 |
_4070 _7ca _8rus _aСтокер _bБ. _f1847-1912 _gБрэм _9122233 _3RU\NLR\auth\7712521 |
|
| 801 | 0 |
_aRU _bNLR _c20111220 _gRCR |
|
| 801 | 1 |
_aRU _bNLR _c20111220 |
|
| 856 | 0 | _uhttp://vivaldi.nlr.ru/bx000008680/view | |
| 856 | 1 | _uhttp://vivaldi.nlr.ru/bx000008680/cover | |
| 856 | 2 | _uhttp://vivaldi.nlr.ru/bx000008680/text | |
| 942 | _cBOOK | ||
| 980 | _aNB | ||
| 980 | _aNBR | ||
| 981 | 3 | 3 |
_a(33) Художественная литература _b(33) Зарубежная литература |